[Event "CRO-chT U18 Girls"]
[Site "Cakovec"]
[Date "2019.12.27"]
[Round "1.3"]
[White "Buchwald, Svea"]
[Black "Bevanda, Lorena"]
[Result "0-1"]
[WhiteElo "1600"]
[BlackElo "1426"]
[PlyCount "77"]
[EventDate "2019.12.27"]
[EventType "team-tourn"]
[EventRounds "5"]
[EventCountry "CRO"]
[SourceTitle "CBM 194 Extra"]
[Source "ChessBase"]
[SourceDate "2020.03.31"]
[SourceVersion "1"]
[SourceVersionDate "2020.03.31"]
[SourceQuality "1"]

1. e4 e5 2. Bc4 Nf6 3. Nc3 Be7 4. Nf3 Nc6 5. 0-0 0-0 6. d3 d6 7. h3 Na5 8. Bd5 c6 9. Bb3 Re8 10. Bd2 Bf8 11. Re1 a6 12. Ne2 Nxb3 13. axb3 b5 14. b4 Bb7 15. Ng3 d5 16. c3 c5 17. bxc5 dxe4 18. dxe4 Bxc5 19. Bg5 h6 20. Qxd8 Raxd8 21. Bxf6 gxf6 22. Nf5 Kh7 23. N3h4 Rd2 24. Kf1 Rxf2+ 25. Kg1 Rxf5+ 26. Kh1 Rf4 27. Nf3 Bxe4 28. Nd2 Bxg2+ 29. Kxg2 Rf2+ 30. Kh1 Rxd2 31. Rxa6 Rg8 32. Rxf6 Rgg2 33. Rxf7+ Kg6 34. Rf6+ Kxf6 35. Rf1+ Ke6 36. Rf2 Rdxf2 37. b4 Be3 38. h4 Rd2 39. h5 0-1

[Event "CRO-ch U17 Girls"]
[Site "Vinkovci"]
[Date "2017.07.27"]
[Round "5"]
[White "Mican, Karmela"]
[Black "Bevanda, Lorena"]
[Result "1-0"]
[WhiteElo "1831"]
[BlackElo "1377"]
[PlyCount "67"]
[EventDate "2017.07.24"]
[EventType "swiss"]
[EventRounds "9"]
[EventCountry "CRO"]
[SourceTitle "EXT 2018"]
[Source "ChessBase"]
[SourceDate "2017.10.13"]
[SourceVersion "1"]
[SourceVersionDate "2017.10.13"]
[SourceQuality "1"]

1. e4 e5 2. Nf3 Nc6 3. Bc4 Be7 4. c3 Nf6 5. d3 d6 6. Bb3 0-0 7. 0-0 h6 8. Re1 Re8 9. Nbd2 Bf8 10. h3 Be6 11. Ba4 Bd7 12. a3 a6 13. d4 Re7 14. Bc2 Nb8 15. Nf1 c6 16. Ng3 Bc8 17. dxe5 Ne8 18. exd6 Qxd6 19. Nd4 Qf6 20. Qe2 Nd7 21. Ngf5 Ne5 22. Nxe7+ Bxe7 23. f4 Nd7 24. e5 Qh4 25. Kh2 Bc5 26. g3 Qe7 27. Nf5 Qe6 28. Be3 Bxe3 29. Qxe3 Kf8 30. Nd4 Qe7 31. Qd3 g6 32. Qe3 Ng7 33. f5 c5 34. f6 1-0

[Event "CRO-ch U15 Girls"]
[Site "Trogir"]
[Date "2017.06.18"]
[Round "4"]
[White "Kostelac, Tea"]
[Black "Bevanda, Lorena"]
[Result "1/2-1/2"]
[WhiteElo "1377"]
[BlackElo "1347"]
[PlyCount "69"]
[EventDate "2017.06.17"]
[EventType "swiss"]
[EventRounds "9"]
[EventCountry "CRO"]
[SourceTitle "CBM 179 Extra"]
[Source "ChessBase"]
[SourceDate "2017.08.23"]
[SourceVersion "1"]
[SourceVersionDate "2017.08.23"]
[SourceQuality "1"]

1. e4 e5 2. Nf3 Nc6 3. Bc4 Be7 4. d3 Nf6 5. Nc3 d6 6. h3 0-0 7. Be3 a6 8. a4 Bd7 9. 0-0 h6 10. d4 exd4 11. Nxd4 Nxd4 12. Bxd4 Re8 13. Qf3 Rf8 14. Rfe1 Be6 15. Bd3 Re8 16. e5 dxe5 17. Bxe5 Nd7 18. Bf4 Bf6 19. Qxb7 Nc5 20. Qxc7 Nxd3 21. Qxd8 Raxd8 22. cxd3 Rxd3 23. Be5 Bxe5 24. Rxe5 Rb8 25. Re2 Bc4 26. Rae1 Kh7 27. Re4 Be6 28. R1e2 Bf5 29. Rf4 Be6 30. Kh2 a5 31. Nb5 Rb3 32. Rd2 Rb7 33. Re4 Rd7 34. Rxd7 Bxd7 35. Re2 1/2-1/2

[Event "CRO-ch U17 Girls"]
[Site "Vinkovci"]
[Date "2016.07.30"]
[Round "8"]
[White "Juric, Ester"]
[Black "Bevanda, Lorena"]
[Result "0-1"]
[WhiteElo "1435"]
[BlackElo "1290"]
[PlyCount "60"]
[EventDate "2016.07.25"]
[EventType "swiss"]
[EventRounds "9"]
[EventCountry "CRO"]
[SourceTitle "CBM 173 Extra"]
[Source "ChessBase"]
[SourceDate "2016.08.29"]
[SourceVersion "1"]
[SourceVersionDate "2016.08.29"]
[SourceQuality "1"]

1. d4 d5 2. c4 c6 3. Nc3 Nf6 4. Nf3 Bf5 5. Bf4 Nbd7 6. e3 e6 7. c5 Be7 8. Be2 0-0 9. 0-0 Nh5 10. Be5 Nxe5 11. Nxe5 Nf6 12. Bd3 Bxd3 13. Qxd3 Nd7 14. f4 Nxe5 15. fxe5 Qc7 16. Rf3 b6 17. b4 a5 18. bxa5 bxc5 19. Raf1 cxd4 20. exd4 Rxa5 21. Rh3 h6 22. Qe3 Ra3 23. Rff3 Qa7 24. Rfg3 Bg5 25. Qd3 g6 26. Rxh6 Bxh6 27. Rxg6+ fxg6 28. Qxg6+ Qg7 29. Qxe6+ Qf7 30. Qg4+ Bg7 0-1

[Event "CRO-ch U17 Girls"]
[Site "Vinkovci"]
[Date "2016.07.26"]
[Round "2"]
[White "Golub, Nikolina"]
[Black "Bevanda, Lorena"]
[Result "1-0"]
[WhiteElo "1870"]
[BlackElo "1290"]
[PlyCount "67"]
[EventDate "2016.07.25"]
[EventType "swiss"]
[EventRounds "9"]
[EventCountry "CRO"]
[SourceTitle "CBM 173 Extra"]
[Source "ChessBase"]
[SourceDate "2016.08.29"]
[SourceVersion "1"]
[SourceVersionDate "2016.08.29"]
[SourceQuality "1"]

1. d4 d5 2. c4 c6 3. Nc3 Nf6 4. Nf3 Bf5 5. Bf4 Nbd7 6. e3 e6 7. c5 b6 8. Ba6 b5 9. Bb7 Rb8 10. Bxc6 a6 11. Bxb8 Qxb8 12. Ne5 Qc7 13. b4 Be7 14. a4 0-0 15. Bxd7 Nxd7 16. Nxd7 Qxd7 17. axb5 axb5 18. Qe2 Rb8 19. 0-0 Bf6 20. f4 Bd8 21. Ra6 Qb7 22. Rfa1 h6 23. Ra7 Qc6 24. R1a6 Qe8 25. Ra8 Bc7 26. Rxb8 Qxb8 27. Qxb5 Kh7 28. Qxb8 Bxb8 29. Ra8 Bc7 30. Rc8 Bxf4 31. exf4 f6 32. Rb8 Kg6 33. c6 Bd3 34. c7 1-0

[Event "CRO-ch U13 Girls"]
[Site "Trogir"]
[Date "2016.06.24"]
[Round "6"]
[White "Bevanda, Lorena"]
[Black "Dejanovic, Tereza"]
[Result "1/2-1/2"]
[WhiteElo "1253"]
[BlackElo "1673"]
[PlyCount "114"]
[EventDate "2016.06.21"]
[EventType "swiss"]
[EventRounds "9"]
[EventCountry "CRO"]
[SourceTitle "EXT 2017"]
[Source "ChessBase"]
[SourceDate "2016.10.25"]
[SourceVersion "1"]
[SourceVersionDate "2016.10.25"]
[SourceQuality "1"]

1. e4 c5 2. Nf3 d6 3. d4 cxd4 4. Nxd4 Nf6 5. Nc3 a6 6. Be2 e6 7. 0-0 b5 8. a3 Bb7 9. f3 Be7 10. Be3 0-0 11. Qd2 Nc6 12. Rad1 Qc7 13. Bd3 Ne5 14. Nce2 Nc4 15. Bxc4 Qxc4 16. c3 Qc7 17. Ng3 d5 18. Qd3 Bd6 19. Bf2 Rfd8 20. Qc2 Rac8 21. Nde2 a5 22. Nd4 Ba6 23. Rfe1 b4 24. axb4 axb4 25. Nde2 Bxe2 26. Rxe2 bxc3 27. bxc3 Qxc3 28. Qxc3 Rxc3 29. e5 Be7 30. exf6 Bxf6 31. Bd4 Bxd4+ 32. Rxd4 Rc6 33. Rd1 d4 34. Red2 e5 35. Ne2 Rcd6 36. f4 d3 37. Nc3 exf4 38. Ne4 Re6 39. Nf2 Re3 40. Rxd3 Rdxd3 41. Nxd3 g5 42. Kf2 Re6 43. Re1 Rd6 44. Ne5 f6 45. Nc4 Rd4 46. Nb2 g4 47. Rd1 Rb4 48. Nd3 Rd4 49. Rd2 h5 50. Ke1 Kg7 51. Nf2 Rc4 52. Ke2 Rc3 53. Rd3 Rc2+ 54. Ke1 f5 55. Rd2 Rc1+ 56. Nd1 Rc4 57. Kf2 Kg6 1/2-1/2